000 00555nam a2200205 a 4500
001 BRCA_4038
005 20190320204525.0
008 110210s1960----nyu#######---#000-0#eng-#
041 _aeng
044 _anyu
050 4 _aPZ4
_b.M33 1960
100 1 _aMcBain, Ed.
_910491
245 1 0 _aGive the Boys a Great big hand
_ban Inner Sanctum 87th Precinct Mystery
_cby Ed McBain.
260 _aNueva York
_bSimon and Schuster
_c1960
300 _a218 p.
_c20 cm.
500 _aCEF26
650 1 4 _aNovelas policĂ­acas
_9877
902 _aGFM
942 _2lcc
_cB
999 _c3762
_d3762